[Event "33ème Open International d'Avoine"]
[Site "Avoine"]
[Date "2018.07.21"]
[Round "8.14"]
[White "Viers, Matthieu"]
[Black "Deslandes, Pascal"]
[Result "0-1"]
[WhiteElo "2028"]
[BlackElo "2362"]
[PlyCount "52"]
[EventDate "2018.??.??"]

1. e4 {[%emt 0:00:00]} e6 2. d4 d5 3. Nd2 c5 4. Ngf3 cxd4 5. Nxd4 Nc6 6. Bb5
Bd7 7. Nxc6 bxc6 8. Bd3 Qc7 9. Qe2 Bd6 10. Nf3 dxe4 11. Bxe4 Nf6 12. Bd3 Rb8
13. O-O c5 14. b3 Nd5 15. g3 Nf6 16. Bb2 Bc6 17. Ne5 Ba8 18. Ng4 Ke7 19. Nxf6
gxf6 20. Be4 Bxe4 21. Qxe4 h5 22. h4 Rhg8 23. Qf3 f5 24. Kg2 Rg4 25. Rfe1 Rbg8
26. Qxf5 Qc6+ 0-1

[Event "33ème Open International d'Avoine"]
[Site "Avoine"]
[Date "2018.07.21"]
[Round "8.15"]
[White "Bouget, Alexandre"]
[Black "Lambert, Thomas"]
[Result "1-0"]
[WhiteElo "2282"]
[BlackElo "1967"]
[PlyCount "23"]
[EventDate "2018.??.??"]

1. e4 {[%emt 0:00:00]} e5 2. Nf3 Nc6 3. c3 Nf6 4. d4 d5 5. Bb5 exd4 6. e5 Ne4
7. Nxd4 Bd7 8. O-O Bc5 9. f3 Ng5 10. Kh1 O-O 11. Nb3 Nxe5 12. Be2 1-0

[Event "33ème Open International d'Avoine"]
[Site "Avoine"]
[Date "2018.07.21"]
[Round "8.16"]
[White "De La Fontaine, Christophe"]
[Black "Real, Thibault"]
[Result "1/2-1/2"]
[WhiteElo "1989"]
[BlackElo "2246"]
[PlyCount "115"]
[EventDate "2018.??.??"]

1. d4 Nf6 2. Nf3 e6 3. e3 b6 4. Be2 Bb7 5. O-O c5 6. b3 Be7 7. Bb2 O-O 8. c4 d6
9. Nc3 cxd4 10. Nxd4 Nc6 11. Bf3 Rc8 12. Nxc6 Bxc6 13. Bxc6 Rxc6 14. Qf3 Qd7
15. Rfd1 Ne8 16. Ne4 f5 17. Ng3 Qc8 18. e4 f4 19. Ne2 e5 20. Nc3 Rc7 21. Nd5
Rb7 22. Ba3 Bd8 23. Rd3 g5 24. h3 Rg7 25. Qg4 Qb7 26. Qe6+ Qf7 27. Qxf7+ Kxf7
28. Nc3 Ke6 29. Nb5 Rd7 30. Rad1 Be7 31. f3 Nf6 32. Kf2 Rfd8 33. Nc3 h5 34. Nd5
Ng8 35. Nb4 Rc8 36. Ke2 Nh6 37. Na6 Rdd8 38. Nb4 Nf7 39. Nd5 Rd7 40. Bb2 Rg8
41. Kf2 Rg6 42. g4 Bf8 43. b4 Rh6 44. Kg2 Rb7 45. Bc3 hxg4 46. hxg4 Nd8 47. Rh1
Rxh1 48. Kxh1 Nc6 49. Kg2 Rb8 50. b5 Nd8 51. Be1 Kd7 52. Ra3 Rb7 53. Bf2 Be7
54. Rb3 Ne6 55. Rb1 Nc7 56. Nb4 Ne6 57. Rh1 Nf8 58. Rh6 1/2-1/2

[Event "33ème Open International d'Avoine"]
[Site "Avoine"]
[Date "2018.07.21"]
[Round "8.17"]
[White "Girel, Joseph"]
[Black "Devallee, Jeremie"]
[Result "0-1"]
[WhiteElo "2011"]
[BlackElo "2230"]
[PlyCount "80"]
[EventDate "2018.??.??"]

1. e4 c5 2. Nf3 d6 3. d4 cxd4 4. Nxd4 Nf6 5. Nc3 g6 6. Be3 Bg7 7. f3 O-O 8. Qd2
Nc6 9. Bc4 Bd7 10. h4 Na5 11. Bb3 Rc8 12. O-O-O Nc4 13. Bxc4 Rxc4 14. g4 Qa5
15. Nb3 Qa6 16. Kb1 Rfc8 17. Bd4 e5 18. Be3 Bxg4 19. Qg2 Be6 20. Rd3 d5 21.
exd5 Bf5 22. Rd2 b5 23. Rc1 b4 24. Nd1 Qb5 25. d6 a5 26. Bg5 a4 27. Ne3 Be6 28.
Nxc4 Qxc4 29. Qe2 Qc6 30. Qxe5 Nd7 31. Na5 Bxe5 32. Nxc6 Rxc6 33. Be3 b3 34. c3
bxa2+ 35. Ka1 Bb3 36. f4 Bxd6 37. h5 Nf6 38. hxg6 fxg6 39. f5 gxf5 40. Bd4 Ng4
0-1

[Event "33ème Open International d'Avoine"]
[Site "Avoine"]
[Date "2018.07.21"]
[Round "8.18"]
[White "Darpan, Inani"]
[Black "Frick, Christoph"]
[Result "1/2-1/2"]
[WhiteElo "1969"]
[BlackElo "2215"]
[PlyCount "46"]
[EventDate "2018.??.??"]

1. e4 c6 2. d4 d5 3. Nc3 dxe4 4. Nxe4 Nd7 5. Nf3 Ngf6 6. Nxf6+ Nxf6 7. c3 Bg4
8. h3 Bf5 9. Ne5 Be6 10. Bd3 g6 11. O-O Bg7 12. a4 a5 13. Bg5 O-O 14. Qd2 Nd7
15. Rfe1 Nxe5 16. dxe5 Qc7 17. Qf4 Rad8 18. Re3 Rd7 19. Rae1 Rfd8 20. Bc4 Bxc4
21. Qxc4 Rd1 22. Qc5 Kf8 23. Bf4 R8d5 1/2-1/2

[Event "33ème Open International d'Avoine"]
[Site "Avoine"]
[Date "2018.07.21"]
[Round "8.19"]
[White "Nortier, Julien"]
[Black "Bressy, Theo"]
[Result "0-1"]
[WhiteElo "1949"]
[BlackElo "2194"]
[PlyCount "60"]
[EventDate "2018.??.??"]

1. d4 d5 2. c4 c6 3. Nf3 Nf6 4. Nc3 dxc4 5. a4 Bf5 6. Ne5 Nbd7 7. Nxc4 Qc7 8.
g3 e5 9. dxe5 Nxe5 10. Bf4 Nfd7 11. e4 Be6 12. Nxe5 Nxe5 13. Be2 f6 14. Qd4 Qa5
15. Bxe5 fxe5 16. Qe3 Bc5 17. Qg5 O-O 18. f4 exf4 19. gxf4 Bf2+ 20. Kd2 Qb4 21.
Kc2 h6 22. Qg2 Be3 23. Rag1 Rf7 24. Qg6 Rd8 25. Rd1 Bb3+ 26. Kb1 Bxd1 27. Nxd1
Rd6 28. Qg4 Qxe4+ 29. Ka1 Qxh1 30. Bf3 Qg1 0-1

[Event "33ème Open International d'Avoine"]
[Site "Avoine"]
[Date "2018.07.21"]
[Round "8.20"]
[White "Poignot, Quentin"]
[Black "Djidjeli, Sarah"]
[Result "0-1"]
[WhiteElo "2191"]
[BlackElo "1927"]
[PlyCount "114"]
[EventDate "2018.??.??"]

1. e4 c5 2. Nc3 Nc6 3. Nf3 d6 4. d4 cxd4 5. Nxd4 e5 6. Nf3 Be7 7. Bc4 Nf6 8.
Bg5 Be6 9. Bb3 O-O 10. O-O Rc8 11. Bxf6 Bxf6 12. Nd5 Be7 13. c3 Na5 14. Qd3
Nxb3 15. axb3 a6 16. Rfd1 Rc6 17. b4 b5 18. Ra5 Kh8 19. Rda1 Bc8 20. Nd2 Bg5
21. f3 Bb7 22. Rd1 Qd7 23. Nb3 Bd8 24. Raa1 h6 25. Rd2 Ba8 26. Rad1 Bg5 27. Re2
Bd8 28. Kh1 Re8 29. Ne3 Qe6 30. Nd5 Qd7 31. Ree1 Qe6 32. f4 exf4 33. Nd4 Qg4
34. Nxc6 Bxc6 35. Qf3 Qxf3 36. gxf3 Bh4 37. Re2 g5 38. Red2 Kg7 39. Kg2 h5 40.
h3 Bb7 41. b3 Bg3 42. c4 bxc4 43. bxc4 g4 44. Rd4 f5 45. R1d2 fxe4 46. Rxe4
Rxe4 47. fxe4 Be1 48. Rd1 f3+ 49. Kf1 Bh4 50. hxg4 hxg4 51. Ne3 Bc8 52. Rxd6 g3
53. Nf5+ Kf7 54. Rc6 Bxf5 55. exf5 g2+ 56. Kg1 Bg5 57. Re6 Bd2 0-1

[Event "33ème Open International d'Avoine"]
[Site "Avoine"]
[Date "2018.07.21"]
[Round "8.21"]
[White "Roger, Mehdi"]
[Black "Joly, Julien"]
[Result "0-1"]
[WhiteElo "2177"]
[BlackElo "1917"]
[PlyCount "55"]
[EventDate "2018.??.??"]

1. e4 c5 2. Nc3 Nc6 3. f4 g6 4. Nf3 Bg7 5. Bb5 Nd4 6. Bc4 a6 7. Nxd4 cxd4 8.
Ne2 b5 9. Bb3 Bb7 10. d3 d6 11. O-O Qb6 12. Kh1 Nf6 13. f5 Bc8 14. Nf4 gxf5 15.
Nh5 Nxh5 16. Qxh5 O-O 17. Rf3 f4 18. Bxf4 Qc5 19. Bd5 Be6 20. Rg3 Kh8 21. Rxg7
Kxg7 22. Qg5+ Kh8 23. Qxe7 Rg8 24. Qf6+ Rg7 25. Bxa8 Qxc2 26. Rg1 Qxd3 27. Bh6
Qg3 28. hxg3 0-1

[Event "33ème Open International d'Avoine"]
[Site "Avoine"]
[Date "2018.07.21"]
[Round "8.22"]
[White "Yche, Michel"]
[Black "Gely, Yann"]
[Result "0-1"]
[WhiteElo "1924"]
[BlackElo "2162"]
[PlyCount "90"]
[EventDate "2018.??.??"]

1. e4 c5 2. b4 cxb4 3. Nf3 Nc6 4. a3 bxa3 5. Nxa3 d6 6. Bc4 Nf6 7. Qe2 Bg4 8.
c3 e6 9. Rb1 Rb8 10. O-O Be7 11. d4 d5 12. exd5 Nxd5 13. Bxd5 Qxd5 14. Rb5 Bxf3
15. gxf3 Qd7 16. Rh5 O-O 17. Kh1 g6 18. Rg1 Kh8 19. Rh6 Bf6 20. Nc4 Bg7 21. Rh4
b5 22. Ne5 Nxe5 23. dxe5 Rfd8 24. Qe4 Qd3 25. Be3 Qxe4 26. Rxe4 a5 27. Ra1 Rd5
28. f4 b4 29. cxb4 axb4 30. Rxb4 Rxb4 31. Ra8+ Bf8 32. Rxf8+ Kg7 33. Ra8 h6 34.
h4 Rdb5 35. Rc8 Rb8 36. Rc6 g5 37. hxg5 hxg5 38. Kg2 gxf4 39. Bc5 Rb3 40. Be7
Kg6 41. Bd6 Rg8 42. Rc7 Kf5+ 43. Kf1 f3 44. Rxf7+ Ke4 45. Ke1 Rb2 0-1

[Event "33ème Open International d'Avoine"]
[Site "Avoine"]
[Date "2018.07.21"]
[Round "8.23"]
[White "Imperor, Amelie"]
[Black "Midy, Robin"]
[Result "0-1"]
[WhiteElo "1912"]
[BlackElo "2148"]
[PlyCount "132"]
[EventDate "2018.??.??"]

1. e4 c5 2. Nf3 g6 3. d4 Bg7 4. dxc5 Qa5+ 5. c3 Qxc5 6. Na3 Qa5 7. Qb3 Nc6 8.
Bc4 Nd8 9. Bf4 e5 10. Be3 Nf6 11. O-O-O O-O 12. Nb5 Nxe4 13. Rd5 Nf6 14. Rxe5
d5 15. Be2 Nc6 16. Bc5 Nxe5 17. Nxe5 Be6 18. Bxf8 Rxf8 19. f4 Ne4 20. Nd4 Nc5
21. Qa3 Qxa3 22. bxa3 Ne4 23. Kb2 Rc8 24. Rc1 Nd2 25. Nxe6 fxe6 26. Bg4 Re8 27.
Rd1 Bxe5 28. fxe5 Nc4+ 29. Kb3 Nxe5 30. Bh3 Nc6 31. a4 Kf7 32. Ka3 Ke7 33. Rb1
b6 34. Rf1 Kd6 35. Bg4 Ne5 36. Be2 Rc8 37. Kb3 Nd7 38. Rf7 Nc5+ 39. Ka3 Rc7 40.
Rf3 Ne4 41. Kb2 Ke7 42. Bd1 Rc5 43. Bb3 Rc8 44. Bd1 Nf6 45. Re3 Rf8 46. Kc2 Kd6
47. Rf3 e5 48. Kd2 e4 49. Rg3 Ne8 50. Bb3 Ng7 51. Rh3 h5 52. Rg3 Rf6 53. Rg5
Nf5 54. h3 Ke5 55. g3 Kd6 56. Bxd5 Kxd5 57. g4 hxg4 58. hxg4 Ke5 59. gxf5 gxf5
60. Rg7 Rd6+ 61. Ke2 a5 62. Rg1 Rh6 63. Rg2 Rh1 64. Rg6 Rh2+ 65. Ke1 Rxa2 66.
Rxb6 Rxa4 0-1

[Event "33ème Open International d'Avoine"]
[Site "Avoine"]
[Date "2018.07.21"]
[Round "8.24"]
[White "Nguyen-Cadoret, Nathan"]
[Black "Rubino, William"]
[Result "1-0"]
[WhiteElo "1923"]
[BlackElo "2106"]
[PlyCount "59"]
[EventDate "2018.??.??"]

1. d4 d5 2. c4 e6 3. Nf3 c6 4. e3 Nf6 5. Nc3 Nbd7 6. Be2 Bd6 7. O-O O-O 8. Qc2
Qe7 9. e4 dxe4 10. Nxe4 Nxe4 11. Qxe4 Nf6 12. Qh4 c5 13. Bd3 Rd8 14. Bg5 cxd4
15. Bxh7+ Kf8 16. Bc2 Ke8 17. Nxd4 Bxh2+ 18. Kxh2 Qd6+ 19. Bf4 Qxd4 20. Rad1
Qb6 21. c5 g5 22. Qh8+ Ke7 23. Bd6+ Rxd6 24. cxd6+ Kd7 25. Ba4+ Qc6 26. Bxc6+
Kxc6 27. Qxf6 Bd7 28. Rc1+ Kd5 29. Rfd1+ Ke4 30. Rd4# 1-0

[Event "33ème Open International d'Avoine"]
[Site "Avoine"]
[Date "2018.07.21"]
[Round "8.25"]
[White "Dubois, Thomas"]
[Black "Cau, Benjamin"]
[Result "1-0"]
[WhiteElo "1895"]
[BlackElo "2093"]
[PlyCount "79"]
[EventDate "2018.??.??"]

1. e4 c6 2. d4 d5 3. exd5 cxd5 4. c4 Nf6 5. Nc3 e6 6. Nf3 Nc6 7. Be2 dxc4 8.
Bxc4 Be7 9. O-O O-O 10. Re1 Nb4 11. Bg5 Nbd5 12. Ne5 Bd7 13. Qf3 Nxc3 14. bxc3
b5 15. Bd3 Rc8 16. Reb1 a6 17. a4 bxa4 18. Rb7 Rc7 19. Bxa6 Nd5 20. Bxe7 Qxe7
21. c4 Rxb7 22. Bxb7 Nf6 23. c5 Rb8 24. c6 Bc8 25. Rxa4 Ne8 26. h3 f6 27. Bxc8
fxe5 28. Bd7 exd4 29. Qe4 e5 30. Qd5+ Kh8 31. Qc4 Nc7 32. Ra7 Qd6 33. Qd3 Rf8
34. Qa3 Qxa3 35. Rxa3 e4 36. Ra4 Nb5 37. Rb4 Nc3 38. c7 e3 39. fxe3 dxe3 40.
c8=Q 1-0

[Event "33ème Open International d'Avoine"]
[Site "Avoine"]
[Date "2018.07.21"]
[Round "8.26"]
[White "Lenen, Pierre"]
[Black "Bournel, Antoine"]
[Result "0-1"]
[WhiteElo "1758"]
[BlackElo "2066"]
[PlyCount "152"]
[EventDate "2018.??.??"]

1. d4 Nf6 2. c4 e6 3. Nc3 Bb4 4. Qc2 c5 5. dxc5 Qc7 6. a3 Bxc5 7. e3 a6 8. b4
Be7 9. Bb2 O-O 10. Nf3 b6 11. Bd3 Bb7 12. Rc1 d6 13. Ne4 Nxe4 14. Bxe4 Bxe4 15.
Qxe4 Nd7 16. O-O Bf6 17. Bxf6 Nxf6 18. Qd3 Rac8 19. Rfd1 d5 20. c5 a5 21. cxb6
Qxb6 22. b5 a4 23. Nd4 Ne4 24. Rxc8 Rxc8 25. Nc6 Rc7 26. Rb1 g5 27. g3 Nc5 28.
Qc2 Nb3 29. Qd3 Qc5 30. Nd4 Na5 31. b6 Rd7 32. Rb5 Qc1+ 33. Kg2 Nb7 34. Ne2 Qc6
35. Nd4 Qd6 36. Qc3 e5 37. Nc2 d4 38. exd4 exd4 39. Qc8+ Kg7 40. Nb4 Qe6 41.
Qc6 d3 42. Qc3+ f6 43. Nxd3 Qe4+ 44. Kg1 Qxd3 45. Qc6 Re7 46. Kg2 Qe4+ 47. Qxe4
Rxe4 48. Rd5 Kf7 49. Kf3 Re6 50. Rd7+ Re7 51. Rd4 Nc5 52. Rc4 Nd7 53. b7 Ne5+
54. Kg2 Rxb7 55. Rxa4 Nc6 56. Rc4 Rb6 57. a4 Ra6 58. f4 Ke6 59. Kf3 Kd5 60. Re4
f5 61. Re8 Rxa4 62. Rh8 Ra3+ 63. Kg2 Ra7 64. Re8 Re7 65. Ra8 Nd4 66. Ra5+ Ke4
67. Ra4 Rc7 68. Rb4 Ke3 69. Ra4 Rc2+ 70. Kh3 Nf3 71. Ra3+ Ke4 72. Ra4+ Kd3 73.
g4 Rxh2+ 74. Kg3 fxg4 75. Kxg4 Nd4 76. Ra3+ Ke4 {
derniers coups incompréhensibles} 0-1

[Event "33ème Open International d'Avoine"]
[Site "Avoine"]
[Date "2018.07.21"]
[Round "8.27"]
[White "Bonnaud, Remy"]
[Black "Mauffrey, Hugues"]
[Result "1-0"]
[WhiteElo "2234"]
[BlackElo "1876"]
[PlyCount "33"]
[EventDate "2018.??.??"]

1. e4 c5 2. c3 d5 3. exd5 Qxd5 4. d4 Nf6 5. Nf3 Bg4 6. Qa4+ Nc6 7. Bc4 Qd7 8.
dxc5 e5 9. Be3 e4 10. Nfd2 O-O-O 11. O-O Qf5 12. Bb5 Ne5 13. Qxa7 Nf3+ 14. Nxf3
Bxf3 15. Qa8+ Kc7 16. Qa5+ Kc8 17. c6 1-0

[Event "33ème Open International d'Avoine"]
[Site "Avoine"]
[Date "2018.07.21"]
[Round "8.28"]
[White "Mas, Victor"]
[Black "Viel, Simon"]
[Result "0-1"]
[WhiteElo "2006"]
[BlackElo "2316"]
[PlyCount "76"]
[EventDate "2018.??.??"]

1. d4 e6 2. c4 Bb4+ 3. Bd2 a5 4. a3 Bxd2+ 5. Qxd2 Nf6 6. Nc3 d6 7. Nf3 O-O 8.
g3 Qe7 9. Bg2 e5 10. O-O Bg4 11. h3 Bxf3 12. Bxf3 c6 13. Bg2 Na6 14. e3 Nc7 15.
f4 Rfe8 16. Rae1 e4 17. Qe2 d5 18. c5 Nd7 19. Na4 Reb8 20. g4 b5 21. cxb6 Nxb6
22. Nxb6 Rxb6 23. Rc1 Ne8 24. Rf2 Nd6 25. f5 f6 26. Rf4 Qb7 27. Rc2 Rb8 28. Rf2
Rb3 29. h4 Kh8 30. g5 Nc4 31. Rxc4 dxc4 32. Qxc4 Rxe3 33. Qe6 Re1+ 34. Bf1 e3
35. Rg2 Qb5 36. gxf6 Qxf1+ 37. Kh2 Qf4+ 38. Rg3 Rxb2+ 0-1

[Event "33ème Open International d'Avoine"]
[Site "Avoine"]
[Date "2018.07.21"]
[Round "8.29"]
[White "Beghin, Ronan"]
[Black "Tomasi, Albert"]
[Result "0-1"]
[WhiteElo "1986"]
[BlackElo "2302"]
[PlyCount "52"]
[EventDate "2018.??.??"]

1. Nf3 c5 2. e4 d6 3. d4 cxd4 4. Nxd4 Nf6 5. Nc3 a6 6. Be3 Nbd7 7. f3 e6 8. Qd2
b5 9. O-O-O Bb7 10. g4 Nb6 11. g5 Nfd7 12. h4 Be7 13. h5 Ne5 14. Rg1 Nbc4 15.
Bxc4 Nxc4 16. Qe2 Rc8 17. g6 Bf6 18. gxf7+ Kxf7 19. Bf2 Qc7 20. Rd3 Rhd8 21.
Bh4 Nxb2 22. Kxb2 Bxd4 23. Bxd8 Bxc3+ 24. Kc1 Rxd8 25. f4 Qc5 26. Qg4 Bxe4 0-1

[Event "33ème Open International d'Avoine"]
[Site "Avoine"]
[Date "2018.07.21"]
[Round "8.30"]
[White "Schmuck, Corentin"]
[Black "Schmit, Vincent"]
[Result "1/2-1/2"]
[WhiteElo "1959"]
[BlackElo "2285"]
[PlyCount "51"]
[EventDate "2018.??.??"]

1. e4 e5 2. Nf3 Nc6 3. d4 exd4 4. c3 Nge7 5. Nxd4 Nxd4 6. Qxd4 Nc6 7. Qd1 g6 8.
Bc4 Bg7 9. O-O O-O 10. Be3 d6 11. h3 Kh8 12. Nd2 f5 13. exf5 Bxf5 14. Nf3 Bd7
15. Bg5 Bf6 16. Bh6 Re8 17. Qd2 Ne5 18. Nxe5 Rxe5 19. Bf4 Re8 20. Rfe1 Bf5 21.
Rxe8+ Qxe8 22. Re1 Qd7 23. Bg5 Qg7 24. Bh6 Qd7 25. Bg5 Qg7 26. Bh6 1/2-1/2

[Event "33ème Open International d'Avoine"]
[Site "Avoine"]
[Date "2018.07.21"]
[Round "8.31"]
[White "Budak, Rezan"]
[Black "Gao, Etienne"]
[Result "0-1"]
[WhiteElo "1946"]
[BlackElo "2249"]
[PlyCount "110"]
[EventDate "2018.??.??"]

1. d4 {[%emt 0:00:00]} Nf6 {[%emt 0:00:00]} 2. c4 g6 3. Nf3 Bg7 4. Nc3 d5 5. e3
O-O 6. Qb3 dxc4 7. Bxc4 Nc6 8. Be2 b6 9. O-O Bb7 10. Rd1 e6 11. Bd2 Qe7 12.
Rac1 Rfd8 13. Be1 a6 14. Na4 Rab8 15. Rc2 Nd5 16. Rdc1 Rd6 17. Qa3 Bf8 18. Ne5
Nxe5 19. dxe5 Rd7 20. Qxe7 Bxe7 21. Bf3 c5 22. e4 Bc6 23. exd5 Bxa4 24. dxe6
Bxc2 25. exd7 Ba4 26. Bg4 Rd8 27. e6 fxe6 28. Bxe6+ Kf8 29. Rc3 Bf6 30. Rh3
Bxd7 31. Bxd7 Rxd7 32. Kf1 a5 33. Bc3 Bd8 34. Be5 Kf7 35. Re3 b5 36. Ke2 a4 37.
b3 axb3 38. axb3 Ba5 39. Bc3 Bc7 40. h3 Rd5 41. g4 Bf4 42. Re4 g5 43. h4 h6 44.
h5 Rd6 45. Ba5 Ra6 46. b4 c4 47. Rd4 Rd6 48. Rxd6 Bxd6 49. Ke3 Ke6 50. Kd4 Be5+
51. Ke4 Bc3 52. f4 gxf4 53. Kxf4 Kd5 54. Ke3 Bd4+ 55. Kf3 Bf6 0-1

[Event "33ème Open International d'Avoine"]
[Site "Avoine"]
[Date "2018.07.21"]
[Round "8.32"]
[White "Daeschler, Florian"]
[Black "Radovanovic, Luka"]
[Result "1-0"]
[WhiteElo "2228"]
[BlackElo "1980"]
[PlyCount "59"]
[EventDate "2018.??.??"]

1. d4 d5 2. Nf3 Nf6 3. c4 dxc4 4. g3 e6 5. Bg2 Be7 6. O-O O-O 7. Qc2 c5 8. dxc5
Bxc5 9. Nfd2 Nc6 10. Nxc4 Bd7 11. Nc3 Nd4 12. Qd3 Bc6 13. Be3 Bxg2 14. Kxg2 Ng4
15. b4 Bxb4 16. Bxd4 e5 17. Nxe5 Nxe5 18. Bxe5 Qxd3 19. exd3 f6 20. Bd4 Rad8
21. Ne2 Rfe8 22. Be3 Rxd3 23. Rfd1 Red8 24. Rxd3 Rxd3 25. Bxa7 Rd2 26. Nf4 Bc3
27. Rb1 Rxa2 28. Rxb7 Ra6 29. Bc5 Be5 30. Nd3 1-0

[Event "33ème Open International d'Avoine"]
[Site "Avoine"]
[Date "2018.07.21"]
[Round "8.33"]
[White "Trouve, Guillaume"]
[Black "De Coninck, Erik"]
[Result "1-0"]
[WhiteElo "2176"]
[BlackElo "1988"]
[PlyCount "55"]
[EventDate "2018.??.??"]

1. e4 e6 2. d4 d5 3. Nc3 Bb4 4. e5 Ne7 5. a3 Bxc3+ 6. bxc3 c5 7. Qg4 Qc7 8.
Qxg7 Rg8 9. Qxh7 cxd4 10. Ne2 Nbc6 11. f4 dxc3 12. Qd3 Nf5 13. Rg1 Qb6 14. g4
Nfd4 15. Nxd4 Nxd4 16. Rg3 Bd7 17. a4 Rc8 18. a5 Qb4 19. Qh7 Rf8 20. Ba3 Qa4
21. Bd3 Nb5 22. Bxf8 Qxa1+ 23. Kf2 Qc1 24. Qg8 Qxf4+ 25. Kg2 Qd2+ 26. Kh1 Qd1+
27. Kg2 Qd2+ 28. Kh3 1-0

[Event "33ème Open International d'Avoine"]
[Site "Avoine"]
[Date "2018.07.21"]
[Round "8.34"]
[White "Lagunes, Jean-Renaud"]
[Black "Mevel, Alberic"]
[Result "0-1"]
[WhiteElo "1943"]
[BlackElo "2169"]
[PlyCount "104"]
[EventDate "2018.??.??"]

1. e4 d5 2. exd5 Nf6 3. d4 Bg4 4. Bb5+ c6 5. dxc6 Qa5+ 6. Nc3 Nxc6 7. Bxc6+
bxc6 8. Qd3 O-O-O 9. Nf3 Bxf3 10. Qxf3 Kb7 11. b4 Qh5 12. Qxh5 Nxh5 13. Be3 e6
14. O-O Nf6 15. Rfc1 Be7 16. Na4 Nd5 17. c3 e5 18. dxe5 Nxe3 19. fxe3 Rd2 20.
Rf1 f6 21. exf6 gxf6 22. Rad1 Rhd8 23. Rxd2 Rxd2 24. Nc5+ Bxc5 25. bxc5 Rxa2
26. Rxf6 a5 27. Rf7+ Ka6 28. Rxh7 a4 29. Rh8 Kb7 30. Rh4 Ka6 31. Rb4 Ka5 32. h4
Rc2 33. Rb8 Rxc3 34. Kf2 Rxc5 35. g4 Rb5 36. Ra8+ Kb4 37. h5 Rb7 38. h6 Rh7 39.
g5 a3 40. Ke2 Kb3 41. Kd2 a2 42. Kc1 c5 43. e4 c4 44. e5 c3 45. Rxa2 Rf7 46.
Ra3+ Kxa3 47. Kc2 Kb4 48. g6 Rf2+ 49. Kd3 c2 50. h7 c1=Q 51. h8=Q Qd2+ 52. Ke4
Rf4# 0-1

[Event "33ème Open International d'Avoine"]
[Site "Avoine"]
[Date "2018.07.21"]
[Round "8.35"]
[White "Mancini, Mario"]
[Black "Lucidarme, Damien"]
[Result "1-0"]
[WhiteElo "2157"]
[BlackElo "1947"]
[PlyCount "115"]
[EventDate "2018.??.??"]

1. d4 Nf6 2. c4 d6 3. Nf3 Nbd7 4. Nc3 e5 5. g3 Be7 6. Bg2 O-O 7. O-O c6 8. e4
a6 9. Re1 Qc7 10. h3 b5 11. b3 Bb7 12. Bd2 exd4 13. Nxd4 bxc4 14. bxc4 Ne5 15.
Qe2 Rfe8 16. f4 Ng6 17. Be3 Bf8 18. Qc2 h5 19. Rab1 Rab8 20. Nf3 Nd7 21. Ng5
Be7 22. h4 Nf6 23. Ba7 Ra8 24. Bb6 Qd7 25. e5 dxe5 26. fxe5 c5 27. Bxb7 Qxb7
28. exf6 gxf6 29. Qe4 Qc8 30. Nf3 Qh3 31. Kf2 Bd6 32. Qxe8+ Rxe8 33. Rxe8+ Kg7
34. Ne4 Qf5 35. Nxd6 Qxb1 36. Bxc5 Qxa2+ 37. Re2 Qa4 38. Ne8+ Kh8 39. Nxf6 Qxc4
40. Bd4 Kg7 41. Ne8+ Kh6 42. Nd6 Qd5 43. Be3+ Kg7 44. Ne8+ Kh8 45. Bd4+ f6 46.
Nxf6 Qb5 47. Ng5 Kg7 48. Ne8+ Kg8 49. Nd6 Qd5 50. Re8+ Nf8 51. Be5 Qd2+ 52. Kf3
Qd3+ 53. Kf4 Qd2+ 54. Kf5 Qd3+ 55. Nge4 Qf3+ 56. Bf4 Qg4+ 57. Ke5 Kg7 58. Nf5+
1-0

[Event "33ème Open International d'Avoine"]
[Site "Avoine"]
[Date "2018.07.21"]
[Round "8.36"]
[White "Merenciano, Alexandre"]
[Black "Coiffait, Casimir"]
[Result "1-0"]
[WhiteElo "2139"]
[BlackElo "1937"]
[PlyCount "54"]
[EventDate "2018.??.??"]

1. e4 e6 2. d4 d5 3. Nd2 Nf6 4. e5 Nfd7 5. c3 c5 6. f4 Nc6 7. Ndf3 Rb8 8. Bd3
b5 9. Ne2 b4 10. O-O g6 11. g4 Qb6 12. Kg2 h5 13. h3 hxg4 14. hxg4 bxc3 15.
bxc3 Ba6 16. Rb1 Qa5 17. Rxb8+ Ndxb8 18. f5 gxf5 19. gxf5 Bxd3 20. Qxd3 cxd4
21. fxe6 Rg8+ 22. Ng5 fxe6 23. Qh7 Ne7 24. Qf7+ Kd8 25. Nxd4 Qa6 26. Ndxe6+ Kc8
27. Qe8+ Kb7 1-0

[Event "33ème Open International d'Avoine"]
[Site "Avoine"]
[Date "2018.07.21"]
[Round "8.37"]
[White "Drogou, Gerard"]
[Black "Maloberti, David"]
[Result "0-1"]
[WhiteElo "1939"]
[BlackElo "2136"]
[PlyCount "62"]
[EventDate "2018.??.??"]

1. d4 Nf6 2. Nf3 g6 3. c4 Bg7 4. Nc3 d6 5. Bf4 O-O 6. e3 Nc6 7. Be2 Nd7 8. h3
e5 9. Bh2 f5 10. O-O e4 11. Nd2 Nf6 12. a3 g5 13. b4 Ne7 14. g4 Ng6 15. Kh1
fxg4 16. hxg4 Qe7 17. Rg1 Bd7 18. c5 Kh8 19. cxd6 cxd6 20. Rc1 d5 21. Qb3 Qf7
22. Nb5 Nxg4 23. Rxg4 Bxg4 24. Bxg4 Qxf2 25. Qc2 Nh4 26. Nb3 Qxe3 27. Nc7 Rf2
28. Bg1 Raf8 29. Nxd5 Qg3 30. Bxf2 Rxf2 31. Qc8+ Bf8 0-1

[Event "33ème Open International d'Avoine"]
[Site "Avoine"]
[Date "2018.07.21"]
[Round "8.38"]
[White "Devaure, Guillaume"]
[Black "Djidjeli, Sofiane"]
[Result "1/2-1/2"]
[WhiteElo "1933"]
[BlackElo "2130"]
[PlyCount "84"]
[EventDate "2018.??.??"]

1. e4 d6 2. Nc3 Nf6 3. f4 e5 4. Nf3 Nc6 5. Bb5 Bg4 6. d3 Be7 7. Bxc6+ bxc6 8.
fxe5 dxe5 9. Be3 O-O 10. O-O Nd7 11. Qe1 f6 12. Na4 Rf7 13. Qc3 Nb6 14. Nxb6
cxb6 15. Qxc6 Rc8 16. Qa4 Bc5 17. Bxc5 Rxc5 18. Qb3 Qc8 19. Ng5 Bh5 20. Nxf7
Bxf7 21. c4 b5 22. Rac1 bxc4 23. dxc4 h6 24. Qe3 Rxc4 25. Rxc4 Qxc4 26. Rc1
Qxa2 27. Qa3 Qe6 28. Qxa7 Qg4 29. Qe3 Bg6 30. Re1 Qc8 31. b4 Qb7 32. Qb3+ Kh7
33. Qc4 Bf7 34. Qc5 Be8 35. Rc1 Bg6 36. b5 Bxe4 37. b6 Bxg2 38. Qc8 Qf3 39.
Qc2+ f5 40. b7 Bh3 41. b8=Q Qe3+ 42. Kh1 Qf3+ 1/2-1/2

[Event "33ème Open International d'Avoine"]
[Site "Avoine"]
[Date "2018.07.21"]
[Round "8.39"]
[White "Baudon, Andrew"]
[Black "Serralta, Michel"]
[Result "0-1"]
[WhiteElo "1920"]
[BlackElo "2126"]
[PlyCount "70"]
[EventDate "2018.??.??"]

1. c4 e5 2. Nc3 Nc6 3. g3 g6 4. Bg2 Bg7 5. d3 d6 6. Bd2 Be6 7. b4 Qd7 8. Qa4 f5
9. h4 h6 10. Rc1 Nf6 11. Nd5 Nh5 12. b5 Nd8 13. Ba5 Bxd5 14. Bxd5 Nf6 15. Bg2
O-O 16. c5 d5 17. c6 bxc6 18. bxc6 Qf7 19. Nf3 Ng4 20. Nh2 Nxh2 21. Rxh2 e4 22.
e3 Ne6 23. f4 exf3 24. Bxf3 Rfd8 25. Re2 Rab8 26. Kf1 h5 27. Kg1 Qe7 28. Be1
Qd6 29. d4 Rf8 30. Qa5 Rfd8 31. Rg2 Kh7 32. a3 Bh6 33. Qc3 Re8 34. Qd3 Nxd4 35.
Rc3 Nxf3+ 0-1

[Event "33ème Open International d'Avoine"]
[Site "Avoine"]
[Date "2018.07.21"]
[Round "8.40"]
[White "Dupont, Arthur"]
[Black "Dalaud, Dorian"]
[Result "1-0"]
[WhiteElo "1915"]
[BlackElo "2122"]
[PlyCount "61"]
[EventDate "2018.??.??"]

1. Nf3 Nf6 2. g3 g6 3. Bg2 Bg7 4. O-O O-O 5. d3 Nc6 6. Nc3 e5 7. e4 d6 8. h3 h6
9. Ne1 Nd4 10. Ne2 Nxe2+ 11. Qxe2 d5 12. f4 dxe4 13. dxe4 Nh5 14. Kh2 exf4 15.
gxf4 Qh4 16. Qf2 Qxf2 17. Rxf2 g5 18. Nd3 c6 19. fxg5 hxg5 20. Bxg5 f5 21. e5
f4 22. Bf3 Ng3 23. Rg1 Nf5 24. Bxf4 Kh8 25. Be4 Nd4 26. Rg5 Ne6 27. Rh5+ Kg8
28. Bh7+ Kh8 29. Bf5+ Kg8 30. Bxe6+ Bxe6 31. Rg2 1-0

[Event "33ème Open International d'Avoine"]
[Site "Avoine"]
[Date "2018.07.21"]
[Round "8.41"]
[White "Batteux, Mickael"]
[Black "Navaratnam, Rohan Shan Tze"]
[Result "1/2-1/2"]
[WhiteElo "2106"]
[BlackElo "1943"]
[PlyCount "58"]
[EventDate "2018.??.??"]

1. d4 d5 2. Nf3 c5 3. g3 cxd4 4. Nxd4 e5 5. Nb3 Nc6 6. Bg2 Be6 7. O-O h6 8. Be3
Nf6 9. Bc5 Be7 10. Nc3 O-O 11. a4 Rc8 12. a5 Bxc5 13. Nxc5 Nxa5 14. Nxe6 fxe6
15. Bh3 Rc6 16. b4 Nc4 17. b5 Ne3 18. Qd3 Rxc3 19. Qxc3 Nxf1 20. Bxe6+ Kh8 21.
Rxf1 Qb6 22. Qb4 Ra8 23. Bf5 a5 24. Qb2 Qc7 25. b6 Qd6 26. Ra1 Ra6 27. Qb5 Qxb6
28. Qxb6 Rxb6 29. Rxa5 g5 1/2-1/2